Statistics for Paper Mario Sticker Star Snifit or Whiffit Questions

Click here to take the quiz!

General Stats

  • This quiz has been taken 10 times
  • The average score is 27 of 34

Answer Stats

QuestionAnswer% Correct
Mario has no siblings.False
90%
Secretly, Princess Peach is a man.False
90%
A Hammer Sticker is more powerful than a Shiny Hammer StickerFalse
90%
This doesn't leave this room, but Bowser loathes Princess Peach.False
90%
Bowser loathes Princess Peach.False
90%
This doesn't leave this room, but Princess Peach is actually a man.False
90%
Koopas, Paratroopas, and Lakitus can all fly.False
90%
Kamek, Lakitu, and Bowser Jr. all wear glasses.False
90%
My dinner last night was a delicious mushroom steak.True
90%
Your host's name is Snifit.True
90%
If you have an Iron Jump Sticker, you can jump on enemies with spikes.True
90%
A Shiny Jump sticker will cost you more than a Jump Sticker.True
90%
Straight up Bowser is cooler than Mario.True
90%
Kamek can fly through the sky on his broom.True
90%
Mario, Toads, and Koopa Troopas all wear shoes.True
90%
When Mario first met Kersti, she was stuck to a sign.True
90%
If you use a mushroom sticker, Mario's body will get bigger.False
80%
Bowser Jr's father is King Bowser, and his mother is Princess Peach.False
80%
A spike helmet sticker will allow you to jump on spiked enemies.False
80%
To use the hammer, press the Y button.False
80%
If low on HP you cant use you Paperization ability.False
80%
If you use a Spike Helmet Sticker in battle, you can also stomp on spiked enemies.False
80%
Wiggler's body has four segments, not counting his head.True
80%
You're at Decalburg's sticker shop. A Mushroom Sticker costs 15 coins.True
80%
A jump sticker cost 3 coins. You can sell one for 2.True
80%
*Bonus* :D The name of the song used during this mini game is called Snifit or Whiffit!True
80%
A Star will make Mario invisible.False
70%
If you use a mushroom sticker, your HP will be restored.True
70%
To use the hammer, press the B button.True
70%
Right now there are 30 snifits in the studio audience.True
60%
Some toads were locked up in a cupboard in Decalburg, there were 9 inside.False
50%
If you get all Poison Mushrooms in the Battle Spinner, all foes get poisoned.False
40%
It cost 5 coins to use the battle spinner.False
30%
To use your Battle Spinner you need 5 coins.False
20%

Score Distribution

Percentile by Number Answered

Percent of People with Each Score

Your Score History

You have not taken this quiz